000 00579nam a2200241Ia 4500
003 OSt
005 20220924150445.0
006 a|||||r|||| 00| 0
007 ta
008 220923b |||||||| |||| 00| 0 tel d
020 _c18.00
024 _a333200
037 _cTextual
040 _aARTS
_cARTS
_btel
041 _2tel
_atel
082 _a035,1N11,5, M3
100 _aBhimanna Au.
_9222164
245 0 _aUgadulu
260 _c1983
650 _aTELUGU POETRY
942 _h035,1N11,5, M3
_cTEXL
_2CC
999 _c463398
_d463398